| 000 | 00670nam a2200193Ia 4500 | ||
|---|---|---|---|
| 003 | IN-BaIIA | ||
| 008 | 211028s9999 xx 000 0 eng d | ||
| 040 | _cIIA Library | ||
| 080 |
_a83.7:696.141.18 _bISI |
||
| 110 | _aIndian Standards Institution | ||
| 245 | 0 |
_aIndian standard specification for vitreous sanitary appliances (vitreous China) _bpt. 14, specific requirements of integrated squatting pans _cIndian Standards Institution |
|
| 260 |
_aNew Delhi _bIndian Standards Institution _c1974 |
||
| 300 | _a8p. | ||
| 500 | _aIS 2556 : Part 14 : 1974 | ||
| 650 | _a Standards | ||
| 650 |
_a Vitreous Sanitary _98872 |
||
| 650 | _aNASA Thesaurus | ||
| 942 | _cBK | ||
| 999 |
_c4965 _d4965 |
||